Economic Bulletin (Record no. 82602)

MARC details
000 -LEADER
fixed length control field 01357cad a22002055a 4500
001 - CONTROL NUMBER
control field L150667
008 - FIXED-LENGTH DATA ELEMENTS--GENERAL INFORMATION
fixed length control field 100811e2010 xxk 000 0 eng d
035 ## - SYSTEM CONTROL NUMBER
System control number (Sirsi) u150667
041 0# - LANGUAGE CODE
Language code of text/sound track or separate title eng
110 2# - MAIN ENTRY--CORPORATE NAME
Corporate name or jurisdiction name as entry element Franklin + Andrews
245 00 - TITLE STATEMENT
Title Economic Bulletin
Medium [electronic resource]
260 ## - PUBLICATION, DISTRIBUTION, ETC.
Place of publication, distribution, etc. London
Name of publisher, distributor, etc. Franklin+Andrews
Date of publication, distribution, etc. 2010
490 ## - SERIES STATEMENT
Series statement Economic Bulletin
-- 2 bulletins per year
520 ## - SUMMARY, ETC.
Summary, etc. The UK's construction industry is among the top 5 major construction nations that are carbon efficient; tender prices 2009-2012; Climate Change Levy (CCL); CRC Energy Efficiency Scheme; graphs illustrating countries' total CO2 emissions, construction output, industrial construction CO2 emissions, carbon efficiencies of construction, and sector composition; discusses carbon efficient construction with cost analysis and charts; the UK economy
Expansion of summary note stuttering toward recovery; spotlight on carbon
-- carbon legislation; international viewpoint
-- the carbon efficiency of construction industries; life costing analysis
-- carbon efficient construction? sustainable design
-- sustainable external walling.
590 ## - LOCAL NOTE (RLIN)
Local note KA NTK
651 #4 - SUBJECT ADDED ENTRY--GEOGRAPHIC NAME
Geographic name International
690 ## - LOCAL SUBJECT ADDED ENTRY--TOPICAL TERM (OCLC, RLIN)
Topical term or geographic name as entry element BUILT ENVIRONMENT-CONSTRUCTION MARKET
856 48 - ELECTRONIC LOCATION AND ACCESS
Uniform Resource Identifier <a href="https://www.franklinandrews.com/publications/economicbulletin/">https://www.franklinandrews.com/publications/economicbulletin/</a>
Public note Register for free Economic Bulletins here www.franklinandrews.com
942 ## - ADDED ENTRY ELEMENTS (KOHA)
Suppress in OPAC 0
Holdings
Withdrawn status Lost status Source of classification or shelving scheme Damaged status Not for loan Home library Current library Shelving location Date acquired Total Checkouts Full call number Barcode Date last seen Copy number Price effective from Koha item type
    Dewey Decimal Classification     Virtual Virtual Online 11/08/2010   ONLINE PUBLICATION 150667-2001 06/08/2019 1 06/08/2019 Book